| 000 | 00583nam a22001817a 4500 | ||
|---|---|---|---|
| 010 | _aB-691986 | ||
| 020 |
_a9788121940030 _c240.00 |
||
| 035 | _aB-691986 | ||
| 037 | _bRK Books | ||
| 082 | _2339 | ||
| 100 | _aMittal, Abha | ||
| 245 |
_aMacro Economics/ _cAbha Mittal |
||
| 260 |
_aNew Delhi _bS. Chand & Company Pvt. Ltd. _c2014 |
||
| 270 |
_aRam Nagar, _bNew Delhi _e110055 |
||
| 300 |
_a364p. _b22cm (pbk) |
||
| 942 |
_2ddc _cEN _h339 _kMIT |
||
| 999 |
_c152122 _d152122 |
||